<?xml version="1.0" encoding="UTF-8"?>
<record
    xmlns:xsi="http://www.w3.org/2001/XMLSchema-instance"
    xsi:schemaLocation="http://www.loc.gov/MARC21/slim http://www.loc.gov/standards/marcxml/schema/MARC21slim.xsd"
    xmlns="http://www.loc.gov/MARC21/slim">

  <leader>01446    a2200337   4500</leader>
  <controlfield tag="003">OSt</controlfield>
  <controlfield tag="005">20240229073949.0</controlfield>
  <controlfield tag="007">ta</controlfield>
  <controlfield tag="008">201117e2020    dr ac||eri||| 001 0dspa d</controlfield>
  <datafield tag="020" ind1=" " ind2=" ">
    <subfield code="a">9789945616590</subfield>
  </datafield>
  <datafield tag="040" ind1=" " ind2=" ">
    <subfield code="c">BNPHU</subfield>
    <subfield code="a">DO-SdBNP</subfield>
    <subfield code="b">spa</subfield>
    <subfield code="d">BNPHU</subfield>
  </datafield>
  <datafield tag="041" ind1=" " ind2=" ">
    <subfield code="h">spa</subfield>
  </datafield>
  <datafield tag="082" ind1=" " ind2=" ">
    <subfield code="a">BNPHU- xxx</subfield>
    <subfield code="b">R616e</subfield>
  </datafield>
  <datafield tag="100" ind1="1" ind2=" ">
    <subfield code="a">Rivadulla, Mario</subfield>
    <subfield code="9">56604</subfield>
  </datafield>
  <datafield tag="245" ind1="1" ind2="3">
    <subfield code="a">El ap&#xF3;stol y el h&#xE9;roe /</subfield>
    <subfield code="c">Jos&#xE9; Rafael Lantigua , pr&#xF3;logo</subfield>
  </datafield>
  <datafield tag="260" ind1=" " ind2=" ">
    <subfield code="a">Santo Domingo :</subfield>
    <subfield code="b">FUNGLODE ,</subfield>
    <subfield code="c">2020</subfield>
  </datafield>
  <datafield tag="300" ind1=" " ind2=" ">
    <subfield code="a">165 pg.</subfield>
    <subfield code="b">il. retratos, fotos ;</subfield>
    <subfield code="c">22 cm</subfield>
  </datafield>
  <datafield tag="490" ind1=" " ind2=" ">
    <subfield code="a">Pol&#xED;tica</subfield>
  </datafield>
  <datafield tag="501" ind1=" " ind2=" ">
    <subfield code="a">Incluye dato biogr&#xE1;fico del autor en la solapa.-</subfield>
  </datafield>
  <datafield tag="501" ind1=" " ind2=" ">
    <subfield code="a">Incluye lista de fotos.-</subfield>
  </datafield>
  <datafield tag="505" ind1="0" ind2=" ">
    <subfield code="a">Lista de fotos.- agradecimiento.-</subfield>
  </datafield>
  <datafield tag="505" ind1="0" ind2=" ">
    <subfield code="a">Jos&#xE9; Rafael Lantigua :</subfield>
    <subfield code="t">Pr&#xF3;logo : Mart&#xED; y el v&#xED;nculo dominicano. preludio a dos biograf&#xED;as ilustres</subfield>
  </datafield>
  <datafield tag="505" ind1="0" ind2=" ">
    <subfield code="a">Introducci&#xF3;n.-</subfield>
  </datafield>
  <datafield tag="505" ind1="0" ind2=" ">
    <subfield code="a">Jos&#xE9; Mart&#xED; : </subfield>
    <subfield code="t">El ap&#xF3;stol.- el ap&#xF3;stol en fotos.-</subfield>
  </datafield>
  <datafield tag="505" ind1="0" ind2=" ">
    <subfield code="a">M&#xE1;ximo G&#xF3;mez : </subfield>
    <subfield code="t">el h&#xE9;roe.- el h&#xE9;roe en fotos.-</subfield>
  </datafield>
  <datafield tag="505" ind1="0" ind2=" ">
    <subfield code="a">Figuras notables, hechos y documentos de las guerras independentistas de Cuba.</subfield>
  </datafield>
  <datafield tag="505" ind1="0" ind2=" ">
    <subfield code="a">Documentos :</subfield>
    <subfield code="t">Manifiesto de la junta revolucionaria de la isla de Cuba.-</subfield>
    <subfield code="t">Carta de Jos&#xE9; Mart&#xED; al general M&#xE1;ximo G&#xF3;mez.-</subfield>
    <subfield code="t">Manifiesto de Montecristi.-</subfield>
    <subfield code="t">Carta de Jos&#xE9; Mart&#xED; a Federico Henr&#xED;quez y Carvajal.-</subfield>
  </datafield>
  <datafield tag="700" ind1="1" ind2=" ">
    <subfield code="a">Lantigua, Jos&#xE9; Rafael, </subfield>
    <subfield code="d">1949-</subfield>
    <subfield code="e"> pr&#xF3;logo .</subfield>
    <subfield code="9">1438</subfield>
  </datafield>
  <datafield tag="710" ind1=" " ind2=" ">
    <subfield code="a">Fundaci&#xF3;n Global</subfield>
    <subfield code="9">77636</subfield>
  </datafield>
  <datafield tag="942" ind1=" " ind2=" ">
    <subfield code="2">ddc</subfield>
    <subfield code="c">LBS1</subfield>
  </datafield>
  <datafield tag="952" ind1=" " ind2=" ">
    <subfield code="0">0</subfield>
    <subfield code="1">0</subfield>
    <subfield code="2">ddc</subfield>
    <subfield code="7">0</subfield>
    <subfield code="a">BNPHU</subfield>
    <subfield code="b">PD</subfield>
    <subfield code="c">OI</subfield>
    <subfield code="d">2020-10-01</subfield>
    <subfield code="e">Dep&#xF3;sito Legal</subfield>
    <subfield code="l">0</subfield>
    <subfield code="p">2020-0512</subfield>
    <subfield code="r">2020-11-17</subfield>
    <subfield code="w">2020-11-17</subfield>
    <subfield code="y">LBS1</subfield>
  </datafield>
  <datafield tag="952" ind1=" " ind2=" ">
    <subfield code="0">0</subfield>
    <subfield code="1">0</subfield>
    <subfield code="2">ddc</subfield>
    <subfield code="7">2</subfield>
    <subfield code="a">BNPHU</subfield>
    <subfield code="b">PD</subfield>
    <subfield code="c">OI</subfield>
    <subfield code="d">2020-10-01</subfield>
    <subfield code="e">Dep&#xF3;sito Legal</subfield>
    <subfield code="l">0</subfield>
    <subfield code="p">2020-0513</subfield>
    <subfield code="r">2020-11-17</subfield>
    <subfield code="t">e.2</subfield>
    <subfield code="w">2020-11-17</subfield>
    <subfield code="y">LBS1</subfield>
  </datafield>
  <datafield tag="952" ind1=" " ind2=" ">
    <subfield code="0">0</subfield>
    <subfield code="1">0</subfield>
    <subfield code="2">ddc</subfield>
    <subfield code="7">0</subfield>
    <subfield code="a">BNPHU</subfield>
    <subfield code="b">GR</subfield>
    <subfield code="c">OI</subfield>
    <subfield code="d">2020-10-01</subfield>
    <subfield code="e">Dep&#xF3;sito Legal</subfield>
    <subfield code="l">0</subfield>
    <subfield code="p">2020-0514</subfield>
    <subfield code="r">2020-11-17</subfield>
    <subfield code="t">e.3</subfield>
    <subfield code="w">2020-11-17</subfield>
    <subfield code="y">LBS1</subfield>
  </datafield>
  <datafield tag="999" ind1=" " ind2=" ">
    <subfield code="c">49142</subfield>
    <subfield code="d">49142</subfield>
  </datafield>
</record>
